[Event "Sao Paulo Pascoa op"]
[Site "Sao Paulo"]
[Date "2024.03.31"]
[Round "5"]
[White "De Oliveira, Felipe Piacente"]
[Black "Ruvieri, Valter"]
[Result "1-0"]
[WhiteElo "1717"]
[BlackElo "1414"]
[PlyCount "51"]
[EventDate "2024.03.29"]
[EventType "swiss"]
[EventRounds "6"]
[EventCountry "BRA"]
[SourceTitle "CB14_2024"]
[SourceDate "2024.04.01"]
[SourceVersion "1"]
[SourceVersionDate "2024.04.01"]
[SourceQuality "1"]

1. e4 e5 2. Nf3 d6 3. d4 Nd7 4. dxe5 dxe5 5. Bc4 Bd6 6. Nc3 Ngf6 7. 0-0 0-0 8. Re1 h6 9. h3 c6 10. a4 Bb4 11. Bd2 a5 12. Na2 Bxd2 13. Qxd2 Qc7 14. Nc3 Kh8 15. Rad1 Nh5 16. Qd6 Qxd6 17. Rxd6 f5 18. exf5 Rf6 19. Red1 Rxd6 20. Rxd6 Nf4 21. Kh2 Nf6 22. Rd8+ Kh7 23. Nxe5 b6 24. g3 N4h5 25. Bf7 Bb7 26. Bg6# 1-0

[Event "Sao Paulo Pascoa op"]
[Site "Sao Paulo"]
[Date "2024.03.30"]
[Round "3"]
[White "De Oliveira, Felipe Piacente"]
[Black "El Zwei, Aiman Mohamed"]
[Result "1/2-1/2"]
[WhiteElo "1717"]
[BlackElo "1861"]
[PlyCount "67"]
[EventDate "2024.03.29"]
[EventType "swiss"]
[EventRounds "6"]
[EventCountry "BRA"]
[SourceTitle "CB14_2024"]
[SourceDate "2024.04.01"]
[SourceVersion "1"]
[SourceVersionDate "2024.04.01"]
[SourceQuality "1"]

1. e4 e5 2. Nf3 Nc6 3. Bc4 Bc5 4. 0-0 Nf6 5. d3 d6 6. c3 a6 7. Bb3 Ba7 8. h3 0-0 9. Nbd2 h6 10. Re1 Re8 11. Nf1 Be6 12. Ng3 d5 13. exd5 Bxd5 14. Be3 Bxe3 15. Rxe3 Qd7 16. Qc2 Bxb3 17. Qxb3 Nd5 18. Ree1 Nf4 19. Rad1 b5 20. Re4 Ng6 21. Rg4 Qe6 22. Qxe6 Rxe6 23. d4 exd4 24. cxd4 Rd8 25. Rc1 Red6 26. Nf5 Nxd4 27. N3xd4 Rd5 28. Ne3 Rxd4 29. Rxd4 Rxd4 30. Rxc7 Rd2 31. Rc2 Rxc2 32. Nxc2 Ne5 33. Kf1 Nd3 34. b4 1/2-1/2

[Event "Hebraica op 32nd"]
[Site "Hebraica"]
[Date "2024.02.04"]
[Round "5"]
[White "De Oliveira, Felipe Piacente"]
[Black "Alves, Ricardo Castagnari"]
[Result "0-1"]
[WhiteElo "1540"]
[BlackElo "1437"]
[PlyCount "154"]
[EventDate "2024.02.02"]
[EventType "swiss"]
[EventRounds "6"]
[EventCountry "BRA"]
[SourceTitle "CB07_2024"]
[SourceDate "2024.02.14"]
[SourceVersion "1"]
[SourceVersionDate "2024.02.14"]
[SourceQuality "1"]

1. e4 e6 2. d4 d5 3. Nd2 Nf6 4. e5 Nfd7 5. Ngf3 c5 6. c3 Nc6 7. Bd3 Qb6 8. 0-0 cxd4 9. cxd4 Nxd4 10. Nxd4 Qxd4 11. Nf3 Qb6 12. Qa4 Bc5 13. Qg4 g6 14. Bh6 Bf8 15. Qf4 Qb4 16. Qe3 Bxh6 17. Qxh6 Qf8 18. Qc1 Nb6 19. Bb5+ Bd7 20. Bxd7+ Kxd7 21. Qc3 Rc8 22. Qa5 Ra8 23. Qb5+ Ke7 24. Rac1 Rc8 25. Qa5 Rxc1 26. Rxc1 Qb8 27. Qc5+ Kd7 28. Qb5+ Ke7 29. Qc5+ Kd7 30. Ng5 Rc8 31. Qb5+ Ke7 32. Qb4+ Ke8 33. Qb5+ Kf8 34. Nxh7+ Kg7 35. Rxc8 Qxc8 36. Nf6 Qc1+ 37. Qf1 Qxb2 38. f4 d4 39. Qe1 Nd5 40. Nxd5 exd5 41. Qh4 Qc1+ 42. Kf2 Qe3+ 43. Kf1 Qd3+ 44. Ke1 Qb1+ 45. Kf2 Qxa2+ 46. Ke1 Qb1+ 47. Kd2 Qf5 48. g3 a5 49. Qd8 a4 50. Qxd5 Qh3 51. Qxd4 Qxh2+ 52. Kd1 Qh1+ 53. Kc2 Qg2+ 54. Kc1 Qf1+ 55. Kc2 Qe2+ 56. Kc1 Kh7 57. Qxa4 Qe1+ 58. Kc2 Qxg3 59. Qe4 Qf2+ 60. Kc3 Qb6 61. Qh1+ Kg7 62. Qf1 Qc6+ 63. Kb4 b6 64. Qf2 b5 65. Qd4 Kh7 66. Kb3 Kh6 67. Qe3 Qc4+ 68. Kb2 Kg7 69. Qb6 Qxf4 70. Qxb5 g5 71. Kc2 g4 72. Qe2 g3 73. Kd3 Qh4 74. Qf3 Kg6 75. Ke3 Qg5+ 76. Kd4 g2 77. Qd3+ Kg7 0-1

[Event "Hebraica op 32nd"]
[Site "Hebraica"]
[Date "2024.02.02"]
[Round "2"]
[White "De Oliveira, Felipe Piacente"]
[Black "Wunderlich, Fabian"]
[Result "0-1"]
[WhiteElo "1540"]
[BlackElo "1761"]
[PlyCount "70"]
[EventDate "2024.02.02"]
[EventType "swiss"]
[EventRounds "6"]
[EventCountry "BRA"]
[SourceTitle "CB07_2024"]
[SourceDate "2024.02.14"]
[SourceVersion "1"]
[SourceVersionDate "2024.02.14"]
[SourceQuality "1"]

1. e4 c5 2. Nf3 e6 3. d4 cxd4 4. Nxd4 a6 5. a3 Nf6 6. Nc3 Qc7 7. Be2 Nc6 8. Be3 d5 9. exd5 exd5 10. Nb3 Be6 11. Bf3 Rd8 12. 0-0 Bd6 13. h3 0-0 14. Nd4 Be5 15. Nxe6 fxe6 16. Bc5 Rf7 17. Na4 Nd7 18. Be3 b5 19. Nc3 Nf6 20. Bg5 Rdf8 21. Re1 Nd4 22. Bxf6 Nxf3+ 23. Qxf3 Rxf6 24. Nxd5 Bh2+ 25. Kh1 exd5 26. Qxd5+ Kh8 27. Re2 Bd6 28. Rae1 Rxf2 29. Rxf2 Rxf2 30. Qa8+ Rf8 31. Re8 Qf7 32. Rxf8+ Qxf8 33. Qxf8+ Bxf8 34. Kg1 Kg8 35. Kf2 Kf7 0-1

[Event "Campos do Jordao op"]
[Site "Campos do Jordao"]
[Date "2024.01.14"]
[Round "4"]
[White "Dias, Juliane de Oliveira"]
[Black "De Oliveira, Felipe Piacente"]
[Result "0-1"]
[WhiteElo "1652"]
[BlackElo "1517"]
[PlyCount "64"]
[EventDate "2024.01.12"]
[EventType "swiss"]
[EventRounds "5"]
[EventCountry "BRA"]
[SourceTitle "CB04_2024"]
[SourceDate "2023.10.16"]
[SourceVersion "1"]
[SourceVersionDate "2023.10.16"]
[SourceQuality "1"]

1. d4 Nf6 2. Nc3 d5 3. Bf4 g6 4. Qd2 Bg7 5. f3 0-0 6. Bh6 Nc6 7. Bxg7 Kxg7 8. 0-0-0 Re8 9. g4 e5 10. dxe5 Rxe5 11. h4 d4 12. Nb1 Nd5 13. h5 Ne3 14. hxg6 hxg6 15. Na3 Nxd1 16. Qh6+ Kf6 17. f4 Rc5 18. Kxd1 Bxg4 19. Qh4+ Kf5 20. Qf2 Qd6 21. Bh3 Bxh3 22. Rxh3 Nb4 23. Nf3 Rd8 24. Ng5 Qd5 25. Rh7 f6 26. Qh4 Qg2 27. Nf3 d3 28. cxd3 Nxd3 29. e4+ Kxe4 30. Nd2+ Kf5 31. Qh3+ Qxh3 32. Rxh3 Nf2+ 0-1

[Event "Campos do Jordao op"]
[Site "Campos do Jordao"]
[Date "2024.01.13"]
[Round "2"]
[White "Haraguchi, Melissa Mayumi Alve"]
[Black "De Oliveira, Felipe Piacente"]
[Result "0-1"]
[WhiteElo "1751"]
[BlackElo "1517"]
[PlyCount "134"]
[EventDate "2024.01.12"]
[EventType "swiss"]
[EventRounds "5"]
[EventCountry "BRA"]
[SourceTitle "CB04_2024"]
[SourceDate "2023.10.16"]
[SourceVersion "1"]
[SourceVersionDate "2023.10.16"]
[SourceQuality "1"]

1. e4 c5 2. Nf3 d6 3. d4 cxd4 4. Nxd4 Nf6 5. Bd3 e5 6. Nb3 d5 7. N1d2 Nc6 8. 0-0 Bc5 9. Nxc5 b6 10. Ncb3 0-0 11. Bb5 Ne7 12. Nf3 Ng6 13. Re1 Nxe4 14. Nfd2 Nd6 15. Bc6 Bb7 16. Bxb7 Nxb7 17. Nf3 Re8 18. c3 e4 19. Nfd4 Ne5 20. Be3 Nd3 21. Re2 Rc8 22. Nc1 Nbc5 23. b4 Nxc1 24. Rxc1 Nd3 25. Rcc2 Qd7 26. Nb3 Qb5 27. Red2 Red8 28. Nc1 Ne5 29. a3 Nc4 30. Bd4 Nxd2 31. Qxd2 h6 32. Ne2 Qd3 33. Nf4 Qa6 34. Ra2 Qc4 35. Nh5 Qb3 36. Ra1 f6 37. Nf4 Rd7 38. Qe3 Qb2 39. Qe1 Rc6 40. h3 a5 41. Kh2 g5 42. Nh5 Kf7 43. g4 Re7 44. Kg1 Qc2 45. Ng3 Kg6 46. Nf5 Ree6 47. Ne3 Qd3 48. Rc1 axb4 49. axb4 Rcd6 50. Nf5 Rc6 51. Rb1 Qxh3 52. Ne3 h5 53. Qe2 hxg4 54. Nxg4 Rc8 55. f3 exf3 56. Qh2 Qxg4+ 57. Kf1 Re2 58. Qxe2 fxe2+ 59. Ke1 Rh8 60. Kd2 Rh2 61. Re1 b5 62. Bg1 Rg2 63. Bd4 f5 64. c4 Qxd4+ 65. Kc2 dxc4 66. Kb1 Qd1+ 67. Rxd1 exd1Q# 0-1

[Event "Sao Paulo Carnaval op"]
[Site "Sao Paulo"]
[Date "2020.02.23"]
[Round "4"]
[White "Jafet Junior, Carlos"]
[Black "De Oliveira, Felipe Piacente"]
[Result "1-0"]
[WhiteElo "1585"]
[BlackElo "1383"]
[PlyCount "83"]
[EventDate "2020.02.22"]
[EventType "swiss"]
[EventRounds "7"]
[EventCountry "BRA"]
[SourceTitle "CBM 195 Extra"]
[Source "ChessBase"]
[SourceDate "2020.05.31"]
[SourceVersion "1"]
[SourceVersionDate "2020.05.31"]
[SourceQuality "1"]

1. e4 e6 2. d4 d5 3. Nc3 dxe4 4. Nxe4 Nc6 5. Nf3 Be7 6. Be3 Nf6 7. Bd3 b6 8. c3 Bb7 9. Qd2 Qd5 10. Nxf6+ Bxf6 11. b3 Qh5 12. h3 Ne7 13. Be2 Qd5 14. Bc4 Qd7 15. 0-0 Rd8 16. Rad1 Nf5 17. Bg5 Qe7 18. Bxf6 Qxf6 19. Qf4 Qe7 20. d5 Qd6 21. Qg4 0-0 22. Ng5 Nh6 23. Qe4 g6 24. Qh4 Kg7 25. dxe6 Qe5 26. Rxd8 Rxd8 27. Qxh6+ Kxh6 28. Nxf7+ Kg7 29. Nxe5 Re8 30. f3 Bc8 31. Bd5 Bxe6 32. Bxe6 Rxe6 33. Re1 a5 34. Nd3 Kf6 35. Rxe6+ Kxe6 36. Kf1 h6 37. Ke2 Kf5 38. Ke3 c5 39. g4+ Ke6 40. Ke4 Kd6 41. Ne5 g5 42. Nf7+ 1-0

[Event "Sao Paulo Carnaval op"]
[Site "Sao Paulo"]
[Date "2020.02.22"]
[Round "1"]
[White "De Oliveira, Felipe Piacente"]
[Black "Cardozo, Matheus Santos"]
[Result "0-1"]
[WhiteElo "1383"]
[BlackElo "1885"]
[PlyCount "86"]
[EventDate "2020.02.22"]
[EventType "swiss"]
[EventRounds "7"]
[EventCountry "BRA"]
[SourceTitle "CBM 195 Extra"]
[Source "ChessBase"]
[SourceDate "2020.05.31"]
[SourceVersion "1"]
[SourceVersionDate "2020.05.31"]
[SourceQuality "1"]

1. e4 c5 2. Nf3 d6 3. d4 cxd4 4. Nxd4 Nf6 5. Nc3 g6 6. Be3 Bg7 7. Qd2 0-0 8. Bh6 Nc6 9. Bxg7 Kxg7 10. Be2 Qb6 11. Nxc6 bxc6 12. Na4 Qc7 13. Qc3 Be6 14. f4 d5 15. e5 Ne4 16. Qe3 Qa5+ 17. Nc3 Rab8 18. 0-0 Nxc3 19. Qxc3 Qb6+ 20. Kh1 Qxb2 21. Qxc6 Rfc8 22. Qa6 Rxc2 23. Bf3 Qb6 24. Qd3 Rc5 25. h3 Qb5 26. Qa3 Qa5 27. Qd3 Rc3 28. Qd2 Qc5 29. Rac1 Rc8 30. Rfd1 Rc2 31. Qd3 Rxa2 32. Bxd5 Rd8 33. Bxa2 Rxd3 34. Rxd3 Bxa2 35. Rcd1 e6 36. Kh2 Bd5 37. R1d2 a5 38. Rd4 Qb5 39. Kg3 a4 40. R4d3 Qc5 41. Rd1 a3 42. Ra1 a2 43. Rd2 Qc3+ 0-1

[Event "Sao Paulo Carnaval op"]
[Site "Sao Paulo"]
[Date "2020.02.22"]
[Round "2"]
[White "Ishikawa, Emilio Keiji"]
[Black "De Oliveira, Felipe Piacente"]
[Result "1-0"]
[WhiteElo "1702"]
[BlackElo "1383"]
[PlyCount "118"]
[EventDate "2020.02.22"]
[EventType "swiss"]
[EventRounds "7"]
[EventCountry "BRA"]
[SourceTitle "CBM 195 Extra"]
[Source "ChessBase"]
[SourceDate "2020.05.31"]
[SourceVersion "1"]
[SourceVersionDate "2020.05.31"]
[SourceQuality "1"]

1. e4 e6 2. d4 d5 3. e5 c5 4. Nf3 Nc6 5. c3 Nge7 6. Bb5 Ng6 7. Bxc6+ bxc6 8. 0-0 Ba6 9. Re1 Qb6 10. b3 cxd4 11. cxd4 c5 12. Ba3 Be7 13. Nc3 cxd4 14. Na4 Qc7 15. Rc1 Qd7 16. Bxe7 Qxe7 17. Qxd4 0-0 18. Nc5 Bb5 19. a4 Bc6 20. Rc3 Rac8 21. Rec1 Ba8 22. b4 h6 23. b5 Qe8 24. h4 Ne7 25. g4 Qd8 26. Kh2 Qb6 27. h5 Rc7 28. Ne1 Bb7 29. Ned3 a6 30. Rb1 Rfc8 31. Rbb3 axb5 32. Rxb5 Qa7 33. Nb4 Nc6 34. Qf4 Nxb4 35. Qxb4 Ba8 36. a5 Rd7 37. Rb6 Rdd8 38. Rg3 Qc7 39. Nd3 Qc2 40. a6 d4 41. Rd6 Re8 42. Rxd4 Qd1 43. Qe1 Qxe1 44. Nxe1 Rc1 45. Re3 Ra1 46. Rd6 Bd5 47. Ng2 Ra8 48. Rc3 R8xa6 49. Nf4 Be4 50. Rc7 Ra8 51. Ng2 R1a2 52. Kg3 R8a3+ 53. Ne3 Ra1 54. Rd8+ Kh7 55. Rcc8 Rg1+ 56. Kf4 g5+ 57. hxg6+ Kxg6 58. Rg8+ Kh7 59. Rh8+ Kg6 1-0